[Event "24th European Women Club Cup 2019"]
[Site "Ulcinj"]
[Date "2019.11.16"]
[Round "7.27"]
[White "Djukic, Sandra"]
[Black "Federovski, Adi"]
[Result "1/2-1/2"]
[WhiteElo "2148"]
[BlackElo "2005"]
[Annotator "NA"]
[PlyCount "98"]
[EventDate "2019.11.10"]
[EventType "team-tourn"]
[EventCountry "MNE"]
[SourceTitle "playchess.com"]
[Source "ChessBase"]
[SourceQuality "1"]
[WhiteTeam "Asseco SEE"]
[BlackTeam "Rishon Lezion"]
[TimeControl "40/5400+30:1800+30"]

1. d4 {[%emt 0:00:00]} Nf6 {[%emt 0:00:00]} 2. c4 {[%emt 0:00:54]} g6 {[%emt 0:00:00]} 3. Nc3 {[%emt 0:00:06]} Bg7 {[%emt 0:00:00]} 4. e4 {[%emt 0:00:04]} d6 {[%emt 0:00:00]} 5. f3 {[%emt 0:00:05]} O-O {[%emt 0:00:06]} 6. Nge2 {[%emt 0:00:03]} c5 {[%emt 0:01:07]} 7. d5 {[%emt 0:00:05]} e6 {[%emt 0:01:01]} 8. Bg5 {[%emt 0:00:08]} h6 {[%emt 0:04:17]} 9. Be3 {[%emt 0:00:06]} exd5 {[%emt 0:00:51]} 10. cxd5 {[%emt 0:00:04]} Nbd7 {[%emt 0:01:59]} 11. Ng3 {[%emt 0:00:05]} a6 {[%emt 0:01:50]} 12. a4 {[%emt 0:00:29]} h5 {[%emt 0:00:28]} 13. Be2 {[%emt 0:00:04]} Ne5 {[%emt 0:00:37]} 14. O-O {[%emt 0:00:49]} Nh7 {[%emt 0:04:35]} 15. Qd2 {[%emt 0:00:44]} h4 {[%emt 0:00:26]} 16. Nh1 {[%emt 0:00:03]} f5 {[%emt 0:00:35]} 17. a5 {[%emt 0:05:37]} Qf6 {[%emt 0:02:41]} 18. f4 {[%emt 0:03:18]} Nd7 {[%emt 0:14:32]} 19. Nf2 {[%emt 0:01:48]} Re8 {[%emt 0:02:49]} 20. Rae1 {[%emt 0:10:00]} Qf7 {[%emt 0:08:50]} 21. Bd3 {[%emt 0:36:02]} b5 {[%emt 0:14:26]} 22. axb6 {[%emt 0:00:39]} Bb7 {[%emt 0:00:18]} 23. Bc4 {[%emt 0:09:15]} Nxb6 {[%emt 0:08:55]} 24. b3 {[%emt 0:00:11]} Nxc4 {[%emt 0:08:27]} 25. bxc4 {[%emt 0:00:05]} Qf6 {[%emt 0:00:22]} 26. e5 {[%emt 0:00:32]} dxe5 {[%emt 0:02:50]} 27. fxe5 {[%emt 0:00:13]} Qxe5 {[%emt 0:05:09]} 28. Na4 {[%emt 0:00:12]} Rad8 {[%emt 0:05:44]} 29. Nxc5 {[%emt 0:01:25]} Qc7 {[%emt 0:01:43]} 30. Nxb7 {[%emt 0:06:38]} Qxb7 {[%emt 0:00:15]} 31. Bd4 {[%emt 0:00:29]} Nf6 {[%emt 0:01:45]} 32. Qg5 {[%emt 0:04:21]} Rxe1 {[%emt 0:03:23]} 33. Rxe1 {[%emt 0:00:03]} Kf7 {[%emt 0:00:20]} 34. Qxh4 {[%emt 0:06:58]} Re8 {[%emt 0:02:30]} 35. Nd3 {[%emt 0:01:28]} Ne4 {[%emt 0:01:43]} 36. Qh7 {[%emt 0:06:43]} Kf8 {[%emt 0:00:04]} 37. Bxg7+ {[%emt 0:00:34]} Qxg7 {[%emt 0:00:06]} 38. Qxg7+ {[%emt 0:00:04]} Kxg7 {[%emt 0:00:06]} 39. Nc5 {[%emt 0:01:26]} a5 {[%emt 0:01:01]} 40. Ne6+ {[%emt 0:00:00]} Kf6 {[%emt 0:00:00]} 41. Nc5 {[%emt 0:09:23]} Ke5 {[%emt 0:04:36]} 42. Nb7 {[%emt 0:02:08]} a4 {[%emt 0:04:45]} 43. d6 {[%emt 0:02:56]} Ke6 {[%emt 0:00:41]} 44. c5 {[%emt 0:02:37]} Kd7 {[%emt 0:02:58]} 45. Rc1 {[%emt 0:04:37]} Rc8 {[%emt 0:01:02]} 46. Rc4 {[%emt 0:06:50]} a3 {[%emt 0:01:16]} 47. Ra4 {[%emt 0:00:03]} Nxc5 {[%emt 0:01:19]} 48. Nxc5+ {[%emt 0:00:03]} Rxc5 {[%emt 0:00:06]} 49. Rxa3 {[%emt 0:00:03]} Rc6 {[%emt 0:02:14]} 1/2-1/2

[Event "24th European Women Club Cup 2019"]
[Site "Ulcinj"]
[Date "2019.11.16"]
[Round "7.28"]
[White "Vardi, Shlomit"]
[Black "Bukhteeva, Viktoria"]
[Result "1-0"]
[WhiteElo "1935"]
[BlackElo "2110"]
[Annotator "NA"]
[PlyCount "101"]
[EventDate "2019.11.10"]
[EventType "team-tourn"]
[EventCountry "MNE"]
[SourceTitle "playchess.com"]
[Source "ChessBase"]
[SourceQuality "1"]
[WhiteTeam "Rishon Lezion"]
[BlackTeam "Asseco SEE"]
[TimeControl "40/5400+30:1800+30"]

1. e4 {[%emt 0:00:00]} e5 {[%emt 0:00:00]} 2. Nf3 {[%emt 0:00:00]} Nc6 {[%emt 0:00:00]} 3. Bc4 {[%emt 0:00:00]} Nf6 {[%emt 0:00:00]} 4. d3 {[%emt 0:00:00]} Bc5 {[%emt 0:00:06]} 5. O-O {[%emt 0:01:02]} d6 {[%emt 0:00:43]} 6. c3 {[%emt 0:01:22]} a6 {[%emt 0:00:09]} 7. a4 {[%emt 0:02:09]} Ba7 {[%emt 0:00:37]} 8. Re1 {[%emt 0:04:55]} h6 {[%emt 0:01:03]} 9. Be3 {[%emt 0:01:00]} O-O {[%emt 0:03:40]} 10. Nbd2 {[%emt 0:01:17]} Kh8 {[%emt 0:07:45]} 11. Nf1 {[%emt 0:06:24]} Ne7 {[%emt 0:06:10]} 12. d4 {[%emt 0:08:33]} exd4 {[%emt 0:01:31]} 13. Bxd4 {[%emt 0:06:23]} Bxd4 {[%emt 0:04:32]} 14. cxd4 {[%emt 0:05:36]} d5 {[%emt 0:02:15]} 15. e5 {[%emt 0:01:24]} Ne4 {[%emt 0:03:05]} 16. Bd3 {[%emt 0:01:44]} Bf5 {[%emt 0:04:21]} 17. Nh4 {[%emt 0:06:00]} Bh7 {[%emt 0:04:26]} 18. f3 {[%emt 0:02:48]} Nc6 {[%emt 0:08:49]} 19. g3 {[%emt 0:02:47]} Ng5 {[%emt 0:00:11]} 20. Bxh7 {[%emt 0:00:51]} Kxh7 {[%emt 0:00:08]} 21. Qd3+ {[%emt 0:04:57]} Kg8 {[%emt 0:00:41]} 22. Rad1 {[%emt 0:01:47]} Ne6 {[%emt 0:16:59]} 23. Qe3 {[%emt 0:09:46]} Nb4 {[%emt 0:02:58]} 24. Re2 {[%emt 0:06:55]} Qd7 {[%emt 0:01:10]} 25. Qb3 {[%emt 0:02:55]} a5 {[%emt 0:00:40]} 26. Ne3 {[%emt 0:01:27]} Ng5 {[%emt 0:04:09]} 27. f4 {[%emt 0:05:28]} Nh3+ {[%emt 0:08:28]} 28. Kg2 {[%emt 0:08:27]} g5 {[%emt 0:00:17]} 29. Nhf5 {[%emt 0:01:59]} gxf4 {[%emt 0:04:32]} 30. Nxh6+ {[%emt 0:01:01]} Kh8 {[%emt 0:00:56]} 31. Nef5 {[%emt 0:00:12]} Ng5 {[%emt 0:04:56]} 32. gxf4 {[%emt 0:00:27]} Nh7 {[%emt 0:00:15]} 33. Kh1 {[%emt 0:01:48]} Ra6 {[%emt 0:00:12]} 34. Rg2 {[%emt 0:01:25]} Rg6 {[%emt 0:00:59]} 35. Rdg1 {[%emt 0:00:57]} Qe6 {[%emt 0:04:08]} 36. Qd1 {[%emt 0:00:17]} Rxh6 {[%emt 0:00:20]} 37. Nxh6 {[%emt 0:00:25]} Qxh6 {[%emt 0:00:05]} 38. Qg4 {[%emt 0:00:11]} Qg6 {[%emt 0:01:12]} 39. Qh4 {[%emt 0:02:33]} Qe4 {[%emt 0:00:40]} 40. h3 {[%emt 0:00:00]} Nc2 {[%emt 0:00:00]} 41. Qg3 {[%emt 0:04:22]} Qg6 {[%emt 0:07:00]} 42. Qxg6 {[%emt 0:00:24]} fxg6 {[%emt 0:00:04]} 43. Rxc2 {[%emt 0:00:08]} Rxf4 {[%emt 0:00:03]} 44. Rxc7 {[%emt 0:00:19]} Nf8 {[%emt 0:00:27]} 45. Rg4 {[%emt 0:01:26]} Rf3 {[%emt 0:01:06]} 46. Rh4+ {[%emt 0:01:01]} Kg8 {[%emt 0:00:04]} 47. Rxb7 {[%emt 0:00:06]} Ne6 {[%emt 0:00:06]} 48. Rhh7 {[%emt 0:02:44]} Nf4 {[%emt 0:02:17]} 49. Rbg7+ {[%emt 0:00:25]} Kf8 {[%emt 0:00:06]} 50. Ra7 {[%emt 0:00:09]} Kg8 {[%emt 0:00:12]} 51. Rhd7 {[%emt 0:01:29]} 1-0